000 00893nam1a22002771i 4500
001 v19\rc\1442183
005 20240726093536.0
035 _a(NLR Aleph) 004684696
090 _a3854613
_c3854613
100 _a20060620d1868 |||y0rusy50 ca
101 0 _arus
102 _aRU
105 _a z |||a|
200 1 _aАлмазы
_eРассказы и сказки для детей. Вып. 1-
_fСост. Евгения Ф-с
210 _aСанкт-Петербург
_cтип. Э. Праца
_d1868
215 _d17
300 _aСост. указан в конце предисл.
700 1 _9z01790
_aФрибес
_bЕ.
_gЕвгения
_4220
790 1 _9z01700
_aФ-с
_bЕ.
_gЕвгения
801 0 _aRU
_bNLR
_gpsbo
801 0 _aRU
_bRuMoRGB
_2psbo
801 1 _aRU
_bProSoft-M
_2rusmarc
852 _aNLR
_j18.62.7.37
899 _aRuMoRGB
_jE 66/90
899 _aБАН
942 _cBOOK